Welcome to the Holygrace Academy Library

Please use search bar below to get started

TELL ME WHAT? (Record no. 2698)

MARC details
000 -LEADER
fixed length control field 00265nam a22001217a 4500
020 ## - INTERNATIONAL STANDARD BOOK NUMBER
ISBN 978-0-7537-2086-8
082 ## - DEWEY DECIMAL CLASSIFICATION NUMBER
Classification number 001
Item number CHA/T
245 ## - TITLE STATEMENT
Title TELL ME WHAT?
260 ## - PUBLICATION, DISTRIBUTION, ETC. (IMPRINT)
Place of publication LONDON
Name of publisher CHACELLOR PRESS
300 ## - PHYSICAL DESCRIPTION
Number of Pages 207
650 ## - SUBJECT ADDED ENTRY--TOPICAL TERM
Topical Term GENERAL KNOWLEDGE
Geographic subdivision LONDON
942 ## - ADDED ENTRY ELEMENTS (KOHA)
Koha item type Books
Holdings
Withdrawn status Lost status Collection code Home library Current library Shelving location Date acquired Source of acquisition Full call number Accession Number Koha item type
    Reference Main Library Main Library   08/05/2012 PURCHASE 001 CHA/T 06162 Books
    Reference Main Library Main Library   08/05/2012 PURCHASE 001 CHA/T 06163 Books